Python machine learning: aprendizaje automático y aprendizaje profundo con Python, Scikit-Learn y TensorFlow (Registro nro. 12652)
[ vista simple ]
| 000 -CABECERA | |
|---|---|
| campo de control de longitud fija | 01161nam a22003857a 4500 |
| 005 - FECHA Y HORA DE ACTUALIZACIÓN | |
| campo de control | 20230711110209.0 |
| 008 - LONGITUD FIJA | |
| campo de control de longitud fija | 200818b2019 xxu||||| |||| 00| 0 spa d |
| 020 ## - INTERNATIONAL STANDARD BOOK NUMBER | |
| Número Internacional Estándar del Libro | 9788426727206 |
| 041 ## - IDIOMA | |
| Código de idioma del texto/pista de sonido o título separado | Español |
| 082 ## - CLASIFICACIÓN DECIMAL DEWEY | |
| Número de clasificación | 005.133 R223p2 |
| 100 ## - AUTOR PERSONAL | |
| Nombre de persona | Raschka, Sebastián |
| 100 ## - AUTOR PERSONAL | |
| Nombre de persona | Mirjalili, Vahid |
| 245 ## - TÍTULO PROPIAMENTE DICHO | |
| Título | Python machine learning: aprendizaje automático y aprendizaje profundo con Python, Scikit-Learn y TensorFlow |
| 250 ## - EDICIÓN | |
| Mención de edición | 2 edición |
| 260 ## - PIE DE IMPRENTA | |
| Lugar de publicación, distribución, etc. | España |
| 260 ## - PIE DE IMPRENTA | |
| Nombre del editor, distribuidor, etc. | Marcombo |
| 260 ## - PIE DE IMPRENTA | |
| Fecha de publicación, distribución, etc. | 2019 |
| 300 ## - DESCRIPCIÓN FÍSICA | |
| Extensión | 616 páginas |
| 650 ## - Materia General | |
| Materia general | PROGRAMACIÓN |
| 650 ## - Materia General | |
| Materia general | LENGUAJES DE PROGRAMACIÓN |
| 650 ## - Materia General | |
| Materia general | PYTHON |
| 650 ## - Materia General | |
| Materia general | APRENDIZAJE AUTOMÁTICO |
| 650 ## - Materia General | |
| Materia general | ALGORITMOS |
| 650 ## - Materia General | |
| Materia general | SCIKIT-LEARN |
| 650 ## - Materia General | |
| Materia general | PREPROCESAMIENTO DE DATOS |
| 650 ## - Materia General | |
| Materia general | EVALUACIÓN DE MODELOS |
| 650 ## - Materia General | |
| Materia general | HIPERPARÁMETROS |
| 650 ## - Materia General | |
| Materia general | SQLITE |
| 650 ## - Materia General | |
| Materia general | FLASK |
| 650 ## - Materia General | |
| Materia general | VARIABLES |
| 650 ## - Materia General | |
| Materia general | ANÁLISIS DE REGRESIÓN |
| 650 ## - Materia General | |
| Materia general | RED NEURONAL ARTIFICIAL |
| 650 ## - Materia General | |
| Materia general | TENSORFLOW |
| 942 ## - Punto de Acceso Adicional Koha | |
| Tipo de ítem Koha | Libro |
| Estado perdido | Estado dañado | No para préstamo | Biblioteca permanente | Biblioteca actual | Signatura completa | Código de barras | Precio efectivo a partir del | Tipo de ítem |
|---|---|---|---|---|---|---|---|---|
| Departamento de Biblioteca y Documentación Alfonso Chase Brenes | Departamento de Biblioteca y Documentación Alfonso Chase Brenes | 005.133 R223p2 | 24912 | 18/08/2020 | Libro | |||
| Departamento de Biblioteca y Documentación Alfonso Chase Brenes | Departamento de Biblioteca y Documentación Alfonso Chase Brenes | 005.133 R223p2 | 24917 | 18/08/2020 | Libro |